[Event "St Chely d'Aubrac op 5th"]
[Site "St Chely d'Aubrac"]
[Date "2005.07.13"]
[Round "6"]
[White "Dury, Renaud"]
[Black "Trzesniower, Jacques"]
[Result "1-0"]
[WhiteElo "1770"]
[BlackElo "1430"]
[PlyCount "121"]
[EventDate "2005.07.09"]
[EventType "swiss"]
[EventRounds "9"]
[EventCountry "FRA"]
[SourceTitle "CBM 107 Extra"]
[Source "ChessBase"]
[SourceDate "2005.09.01"]
[SourceVersion "1"]
[SourceVersionDate "2005.09.01"]
[SourceQuality "1"]

1. d4 Nf6 2. c4 c5 3. d5 b5 4. cxb5 g6 5. Nc3 a6 6. bxa6 Bxa6 7. Nf3 d6 8. g3 Bg7 9. Bg2 0-0 10. 0-0 Qa5 11. Rb1 Nbd7 12. Bd2 Rfb8 13. b3 Qc7 14. a4 Nb6 15. Nh4 Qb7 16. Bg5 h6 17. Bc1 Ne8 18. Bb2 Nd7 19. Ba1 Qb4 20. Qc1 Ne5 21. Na2 Qb6 22. Qc2 Nc7 23. Rfd1 Bb7 24. Bxe5 dxe5 25. e4 Ne8 26. b4 cxb4 27. Rxb4 Qa6 28. Rdb1 Rc8 29. Qb2 Nd6 30. Bf1 Qa7 31. Nf3 Rab8 32. Nc3 f5 33. Nb5 Nxb5 34. Rxb5 fxe4 35. Nxe5 e3 36. Rxb7 Rxb7 37. Qxb7 exf2+ 38. Kg2 Qxb7 39. Rxb7 Bxe5 40. Rxe7 Bd4 41. a5 Rc5 42. d6 Rxa5 43. d7 Bb6 44. Re8+ Kg7 45. d8Q Bxd8 46. Rxd8 Rf5 47. Rd2 h5 48. Rxf2 Rxf2+ 49. Kxf2 Kf6 50. Kf3 Ke5 51. Bd3 Kf6 52. h3 Kg5 53. Ke4 h4 54. g4 Kf6 55. Kf4 g5+ 56. Ke4 Ke6 57. Bc4+ Kf6 58. Kd5 Kg6 59. Ke6 Kg7 60. Kf5 Kh6 61. Kf6 1-0